Sprevádzanie rodinného príslušníka

Novela č. 406/2025 Z. z. Zákonníka práce, ktorá bola schválená ako článok II v rámci zákona o príspevku na pomoc pri odkázanosti na pomoc inej fyzickej osoby a o zmene a doplnení niektorých zákonov, rozširuje od 1. 1. 2026 okruh situácií, kedy zamestnanec môže čerpať pracovné voľno s náhradou mzdy z...

Descrizione completa

Salvato in:
Dettagli Bibliografici
Autore principale: Matlovičová, Iveta
Natura: Capitolo di libro
Lingua:slovacco
Soggetti:
Tags: Aggiungi Tag
Nessun Tag, puoi essere il primo ad aggiungerne!!

MARC

LEADER 00000naa a2200000 4500
001 0315245
005 20260304082906.6
041 0 |a slo 
044 |a SK 
245 1 0 |a Sprevádzanie rodinného príslušníka  |c Iveta Matlovičová 
520 |a Novela č. 406/2025 Z. z. Zákonníka práce, ktorá bola schválená ako článok II v rámci zákona o príspevku na pomoc pri odkázanosti na pomoc inej fyzickej osoby a o zmene a doplnení niektorých zákonov, rozširuje od 1. 1. 2026 okruh situácií, kedy zamestnanec môže čerpať pracovné voľno s náhradou mzdy z dôvodu sprevádzania rodinného príslušníka. Aký to bude mať dopad pre zamestnávateľov z pohľadu nastavenia preukazovania nároku a evidencie dní – prekážok v práci na strane zamestnanca? 
610 2 0 |a voľno pracovné 
610 2 0 |a náhrada mzdy 
610 2 0 |a zamestnanci 
610 2 0 |a prekážky v práci 
610 2 0 |a lekári 
610 2 0 |a rodina 
610 2 0 |a zákonník práce 
100 1 |a Matlovičová, Iveta